El tráfico en las ciudades

Bibliographic Details
Main Author: Buchanan, Colin D.
Format: Section = Libro
Language:Undetermined
Spanish
Published: España Tecnos 1973
Subjects:
LEADER 00482nam a2200193Ia 4500
008 240829s9999 xx 000 0 und d
020 |a 84-309-0386-0 
040 |a BIBLIOTECA-RUSB/ 388.41 B918 
041 |a spa 
082 |a 388.41 B918 
100 1 |a Buchanan, Colin D. 
245 1 0 |a El tráfico en las ciudades 
260 |a España  |b Tecnos  |c 1973 
300 |a 254 p. :il. 
650 7 |a TRAFICO VEHICULAR 
650 7 |b  TRAFICO URBANO 
942 |c BK  |2 ddc 
991 |a TEXTO 
999 |c 1195